Statistics for Top 500 Baby Boy Names in the USA - 1990's - Alphabetical

Click here to take the quiz!

General Stats

  • This quiz has been taken 1,712 times
  • The average score is 236 of 500

Answer Stats

Answer% Correct
272JJon
97%
14JJohn
97%
7DDaniel
93%
11DDavid
93%
13JJames
93%
52AAlex
93%
162AAndre
91%
1MMichael
91%
228MMicheal
91%
64PPaul
91%
24AAlexander
91%
113JJack
90%
32JJose
90%
87PPeter
90%
31AAaron
90%
3MMatthew
89%
20RRobert
89%
100JJorge
89%
19WWilliam
89%
189MMathew
89%
105GGeorge
89%
226MMarc
88%
49MMark
88%
451CChris
88%
388HHarry
87%
43CCharles
87%
27TThomas
87%
376OOliver
87%
41RRichard
85%
143HHenry
85%
10JJoseph
85%
408SSam
85%
6AAndrew
85%
158JJonathon
84%
21JJonathan
84%
132JJohnathan
84%
30BBenjamin
84%
39AAdam
84%
125DDonald
84%
301JJohnathon
84%
209KKristopher
83%
80EEdward
83%
234JJoe
83%
152FFrank
83%
2CChristopher
83%
18AAnthony
83%
36BBrian
82%
56BBryan
82%
35SSamuel
82%
40NNathan
81%
175JJackson
81%
45JJason
81%
462JJayson
81%
48SStephen
81%
34SSteven
81%
145AAlan
80%
206ZZachery
80%
328SSteve
80%
16ZZachary
80%
456CCharlie
80%
256ZZackary
80%
184AAllen
80%
432AAllan
80%
360ZZackery
80%
94LLuke
79%
108EErik
79%
198EErick
79%
29EEric
79%
351JJakob
78%
25KKevin
78%
5JJacob
78%
400FFelipe
77%
101LLucas
77%
204CCarl
77%
445LLukas
77%
434NNikolas
77%
172NNicolas
77%
273NNickolas
77%
8NNicholas
77%
161PPhilip
77%
443BBrad
77%
128PPhillip
77%
135RRonald
77%
390KKarl
77%
15RRyan
76%
47JJeremy
76%
38TTimothy
76%
4JJoshua
76%
445LLeo
76%
44PPatrick
75%
17JJustin
75%
345EEli
74%
12BBrandon
74%
266BBranden
74%
60EEthan
74%
460LLeon
74%
102IIsaac
73%
46LLuis
73%
280LLiam
73%
92SShawn
72%
166CCristian
72%
42SSean
72%
296SShaun
72%
302TTy
72%
315FFrederick
72%
69IIan
72%
84MMarcus
72%
33CChristian
72%
235MMarcos
72%
432KKristian
72%
218DDanny
71%
22KKyle
71%
369GGeoffrey
70%
117JJake
70%
142MMartin
70%
260JJay
70%
203JJeffery
70%
55JJeffrey
70%
255BBilly
70%
238AAbraham
70%
79BBradley
69%
353FFrancis
69%
372LLeonard
69%
211AAlbert
69%
475TTylor
68%
83VVictor
68%
9TTyler
68%
115DDillon
68%
389QQuinn
68%
77NNathaniel
68%
496NNathaneal
68%
163JJohnny
68%
37DDylan
68%
395JJordon
68%
370AAidan
68%
243AArthur
68%
28JJordan
68%
67EEvan
67%
73DDerek
67%
90NNoah
67%
217LLouis
67%
99VVincent
67%
70GGregory
67%
118EElijah
67%
61KKenneth
67%
149DDerrick
67%
482DDerick
67%
393RRay
67%
383KKameron
66%
141XXavier
66%
144JJavier
66%
53CCameron
66%
214JJaime
65%
305TTommy
65%
270JJamie
65%
130OOscar
65%
134JJulian
64%
119MMason
63%
249BBobby
63%
109RRaymond
62%
237CConner
62%
133BBrendan
62%
253AAndy
62%
354BBrenden
62%
205JJimmy
62%
311CConor
62%
199LLarry
62%
71CConnor
62%
363BBrendon
62%
336QQuinton
61%
68GGabriel
61%
227LLawrence
61%
351SSimon
61%
332QQuentin
61%
157JJeremiah
60%
243WWalter
60%
170GGary
60%
230DDamian
60%
313OOwen
60%
286EEddie
60%
308DDamien
60%
173DDennis
60%
434AAlfred
59%
455LLewis
59%
131CColin
59%
192JJerry
59%
154CCollin
59%
103CCory
58%
58CCarlos
58%
231HHarrison
58%
74CCorey
58%
319DDean
58%
186MMax
58%
95AAdrian
58%
62TTaylor
57%
419JJoey
57%
124KKeith
57%
222DDarren
57%
307JJonah
56%
165IIvan
56%
195TTony
55%
82AAntonio
54%
107JJoel
54%
276TTheodore
53%
298JJessie
53%
116IIsaiah
53%
423IIsiah
53%
50JJesse
53%
63LLogan
53%
365JJarrett
53%
59JJared
53%
23AAustin
53%
404JJarrod
53%
75SScott
53%
436JJarred
53%
72DDevin
52%
385AAbel
52%
128DDevon
52%
410HHarold
52%
426DDevan
52%
26CCody
51%
223KKaleb
51%
290KKody
51%
51JJuan
51%
57CCaleb
51%
318BBruce
50%
178DDrew
50%
419EElliot
50%
445EElliott
50%
76JJesus
50%
326CCarter
50%
220RRicky
49%
112CCole
49%
374LLeonardo
49%
85BBlake
48%
140GGrant
48%
314AAshton
47%
485BBarry
47%
65TTrevor
47%
232TTerry
46%
106BBrett
46%
98CChase
45%
347NNeil
45%
279LLee
45%
257RRoger
45%
194CCalvin
45%
184MMarco
45%
372DDarryl
44%
416WWarren
44%
340DDarrell
44%
354FFranklin
44%
464AAli
44%
91SShane
44%
188RRiley
44%
378MMyles
44%
292MMiles
44%
285TTerrance
43%
96SSeth
43%
216PParker
43%
179RRandy
43%
127CChad
43%
332TTerrence
43%
262WWillie
43%
330WWayne
43%
78HHunter
43%
164EEdwin
43%
111AAlejandro
42%
387KKenny
42%
421KKurt
42%
89MMitchell
42%
402CCooper
42%
394SStanley
41%
151DDouglas
41%
269GGerald
41%
215SSebastian
41%
139BBryce
41%
182AAlexis
41%
193CCraig
41%
66DDustin
41%
156RRoberto
41%
176MMaxwell
40%
327ZZane
40%
54TTravis
40%
208GGavin
40%
414GGraham
40%
298RRoy
40%
146DDominic
40%
306DDominick
40%
339RRonnie
40%
310DDamon
40%
187JJulio
39%
338FFelix
39%
258RRoss
39%
147EEdgar
39%
136MMario
39%
183BBrent
39%
180PPedro
39%
199BBrady
39%
114RRicardo
38%
213RRussell
38%
121EEduardo
38%
137AAlec
38%
286JJosiah
38%
357BBraden
37%
126WWesley
37%
168LLevi
37%
322ZZachariah
37%
468BBrody
37%
284MMaurice
36%
468JJulius
36%
88MMiguel
36%
86GGarrett
36%
337CCarson
36%
445RRalph
36%
122CColton
36%
381EErnest
36%
490GGarret
36%
197PPreston
35%
93AAngel
35%
450DDavis
35%
261TTrent
35%
265RRandall
35%
155TTroy
35%
322PPablo
35%
340EElias
34%
322MMarshall
34%
190WWyatt
34%
219AAlberto
34%
282MMarvin
34%
423CClay
34%
273MMorgan
34%
360DDrake
34%
402DDwayne
34%
410HHugo
34%
425NNoel
33%
153TTristan
33%
485TTyson
33%
259LLandon
33%
381DDale
33%
422SStefan
32%
476SStephan
32%
202EEmmanuel
32%
148OOmar
32%
360EEmanuel
32%
371AAlvin
32%
357SSaul
32%
207HHayden
32%
252CChandler
32%
196RRafael
32%
138MManuel
32%
453WWilson
32%
174AAndres
31%
366RRoman
31%
308AAvery
31%
232LLance
31%
276NNolan
31%
171DDarius
31%
123FFrancisco
30%
169CCurtis
30%
348AAngelo
30%
472KKurtis
30%
392MMoises
30%
294DDallas
29%
490CClint
29%
167CClayton
29%
224RRodney
29%
120CCasey
29%
267AAlfredo
28%
181RRuben
28%
254RRamon
27%
229MMicah
27%
410GGlenn
26%
275RReginald
26%
340DDesmond
26%
264IIsrael
26%
242DDiego
26%
379JJean
26%
328BBailey
26%
97SSpencer
26%
346TTyrone
25%
221CChance
25%
480BBernard
25%
236TTrey
25%
482PPayton
25%
110DDalton
25%
436PPeyton
25%
201RRaul
24%
397WWeston
24%
349JJerome
24%
476KKelly
24%
250EEnrique
24%
416DDonte
23%
150HHector
23%
395WWade
23%
426GGilbert
23%
248TTodd
23%
390EEugene
23%
251DDonovan
23%
463MMarlon
23%
281DDante
23%
343BByron
23%
289MMalcolm
23%
414BBeau
23%
160FFernando
22%
104TTanner
22%
426HHarley
22%
497PPerry
22%
350MMelvin
21%
320CClinton
21%
212CColby
21%
297NNelson
20%
384CCedric
20%
210TTrenton
20%
366EEmilio
20%
376TTucker
20%
303BBrock
20%
316BBrennan
20%
426DDane
20%
81DDakota
20%
316FFabian
19%
288KKelvin
19%
500NNigel
19%
262JJamal
19%
489CClarence
19%
431CCorbin
18%
359EEsteban
18%
247SSkyler
17%
278BBryant
17%
436BBryson
17%
485EEarl
17%
482BBraxton
17%
426SSkylar
17%
332EErnesto
16%
440AAlfonso
16%
493BBlaine
16%
246GGage
16%
476RReed
16%
445RReid
16%
239GGiovanni
16%
331IIsmael
16%
312OOrlando
15%
436RRudy
15%
458SSheldon
15%
397LLane
15%
293LLorenzo
14%
240AArmando
14%
177CCesar
14%
282AArturo
14%
379KKeegan
14%
344KKendall
13%
453DDarnell
13%
159SSergio
13%
364GGriffin
13%
243JJosue
12%
271JJalen
12%
416KKyler
12%
407KKendrick
12%
408TTyrell
11%
459RRodrigo
11%
494SSantiago
11%
405JJermaine
11%
335TTerrell
11%
320RRene
10%
300SSalvador
10%
354FForrest
10%
467AAriel
9%
476MMackenzie
9%
464SSterling
9%
225GGerardo
9%
191MMalik
9%
413GGilberto
8%
497LLamar
8%
440DDarian
7%
268DDeandre
7%
366GGuillermo
7%
241DDominique
6%
471RRolando
6%
397DDenzel
6%
499AAlonzo
6%
474KKeaton
6%
291GGustavo
6%
460JJustice
6%
322DDemetrius
5%
385KKeenan
5%
405RRodolfo
5%
480JJavon
4%
472RRamiro
4%
485MMarquise
4%
443TTrevon
4%
294MMarquis
4%
494KKhalil
4%
468EEfrain
4%
456DDavon
3%
303TTevin
3%
452DDeshawn
3%
374DDevante
2%
400DDevonte
2%
442SShaquille
2%
464RRashad
2%
490DDaquan
1%

Score Distribution

Percentile by Number Answered

Percent of People with Each Score

Your Score History

You have not taken this quiz